000
00304nam a2200133Ia 4500
100
_a
Trivedi/K.S
942
_c
BK
654
_a
Probability
245
_a
Probability and statistics with reliability
260
_b
prentice
_a
New Delhi
_c
1994
082
_a
519.2
_b
TRI
300
_a
169
546
_a
ENGLISH
999
_c
23191
_d
23191